000 00757nam a2200265 i 4500
001 C2-0315438
003 PPAK
005 20180728111236.0
008 120606s2012 my a|||| ||||| | may d
020 _a9789673732562
040 _aPPAK
_beng
_cPPAK
_erda
082 0 4 _a499.238
_223
090 0 0 _a499.238
_bKHA
_dR
100 0 _aKhairuddin Ayip,
_eauthor
245 1 0 _aKoleksi karangan PMR
264 1 _aPetaling Jaya, Selangor :
_bInfo-Didik ,
_c2012
300 _axvi, 264 pages :
_bcolour illustrations ;
_c25 cm
336 _2rdacontent
_atext
337 _2rdamedia
_aunmediated
338 _2rdacarrier
_avolume
490 1 _aX-Plor PMR
650 1 0 _aMalay language - Compositions and exercises.
830 0 _aX-Plor PMR
942 _ddc
_cB
999 _c116691
_d116691